000 02042cam a22005534i 4500
003 PE-LiUPU
005 20250731172849.0
008 110223s2010 mou rb 001 0 eng d
020 _a075862686X
020 _a9780758626868
035 _a(Sirsi) i9780758626868
040 _aITC
_bspa
_cITC
_dYDXCP
_dOXF
_dOCLCA
_dOCLCF
_dOCLCQ
_dPE-LiUPU
_erda
041 1 _aeng
_hlat
082 4 _a227.107
_bM41
_220
100 1 _aMelanchthon, Philipp,
_d1497-1560,
_eautor.
245 1 0 _aCommentary on Romans /
_cPhilip Melanchthon ; translated by Fred Kramer.
250 _aSecond English Edition.
300 _a307 páginas ;
_c24 centímetros
336 _atext
_2rdacontent
337 _aunmediated
_2rdamedia
338 _avolume
_2rdacarrier
500 _aTranslation based on the revised 1540 ed., which was published as v. 15 of Corpus reformatorum, under the title: Commentarii in Epistolam Pauli ad Romanos.
504 _aÍndices: páginas 299-307.
526 _aSEG42
526 _aSEG41
526 _aSEG40
526 _aSEG39
526 _aP94
526 _aP87
526 _aP86
526 _aP85
526 _aP77
526 _aP76
526 _aP35
534 _gTítulo orginal :
_tCommentarii in Epistolam Pauli ad Romanos
630 0 0 _aBiblia.
_pRomanos
_vComentarios.
630 0 7 _aBiblia.
_pRomanos.
655 7 _aComentarios.
655 7 _aPrimeras obras.
700 1 _aKramer, Fred,
_etraductor.
910 _ajck
_bebj
_cebj
_d20160607
942 _2ddc
_cBOOK
949 _a227.107 M41
_wDEWEY
_c1
_i73599
_lCCODEBUL1
_mBUL
_p17.99
_r0
_sY
_tBOOK
_u2016-6-7
_xTEOLOGIA
_PP85
_0COMPRA
_o.STAFF. Colección Teología
994 _aC0
_bPEPRU
596 _a1
999 _a227.107 M41
_wDEWEY
_c9774
_i73599
_d9774
_f2021-11-9
_g5
_lCCODEBUL1
_mBUL
_p17.99
_q1
_r0
_sY
_tBOOK
_u2016-6-7
_xTEOLOGIA
_PP85
_0COMPRA
_o.STAFF. Colección Teología
264 _aEstados Unidos :
_bConcordia Pub. House,
_c[2010]
980 _81
_gALBERTO SANCHEZ Responsable de Automatización